Lugares famosos de España - Estadísticas

Estadísticas generales
  • Esta prueba ha sido intentada 105 veces
    104 desde el último reinicio
  • La puntuación promedio es 4 de 17
Estadísticas de respuestas
Ubicacion Respuesta % Correcto
Granada Alhambra
91%
Barcelona Sagrada Familia
84%
Burgos Catedral de Burgos
28%
Cordoba Mezquita de Cordoba
28%
Valencia Ciudad de las Artes y las Ciencias
27%
Zaragoza Basílica del Pilar
25%
Madrid Plaza Mayor
25%
Tarragona Portaventura
19%
Sevilla Plaza de España
18%
Madrid Plaza del Sol
11%
Madrid Escorial
5%
A Coruña Catedral de Santiago de Compostela
4%
Barcelona Parc Guell
2%
Barcelona Plaza Cataluña
2%
Barcelona Tibidabo
2%
Barcelona Basílica de Santa Maria del Mar
1%
Segovia Vista General del Alcazar
0%
No se encontraron pruebas coincidentes
Distribución de puntuación
Porcentaje de gente con cada puntuación
Porcentaje por número respondido
Historial de tus puntuaciones
No has intentado esta prueba desde el último reinicio